Behaviorální a fundamentální rovnovážní měnový kurz české koruny
Rámcové vymedzenie jednotlivých koncepcií rovnovážneho menového kurzu. Ekonometrické možnosti pri odhade rovnovážneho menového kurzu. Opis aplikácií dvoch metód odhadu rovnovážneho menového kurzu, vrátane ich empirických výsledkov pre menový kurz koruny k euru.
Na minha lista:
| Autor principal: | |
|---|---|
| Outros Autores: | |
| Formato: | Capítulo de Livro |
| Idioma: | tcheco |
| Assuntos: | |
| Tags: |
Sem tags, seja o primeiro a adicionar uma tag!
|
MARC
| LEADER | 00000naa a2200000 4500 | ||
|---|---|---|---|
| 001 | 0156555 | ||
| 005 | 20231207120957.5 | ||
| 041 | 0 | |a cze | |
| 044 | |a CZ | ||
| 245 | 1 | 0 | |a Behaviorální a fundamentální rovnovážní měnový kurz české koruny |c Luboš Komárek, Martin Motl |
| 520 | |a Rámcové vymedzenie jednotlivých koncepcií rovnovážneho menového kurzu. Ekonometrické možnosti pri odhade rovnovážneho menového kurzu. Opis aplikácií dvoch metód odhadu rovnovážneho menového kurzu, vrátane ich empirických výsledkov pre menový kurz koruny k euru. | ||
| 610 | 2 | 0 | |a Česko |
| 610 | 2 | 0 | |a koruna |
| 610 | 2 | 0 | |a euro |
| 610 | 2 | 0 | |a modely ekonometrické |
| 610 | 2 | 0 | |a kurz menový rovnovážny |
| 100 | 1 | |a Komárek, Luboš | |
| 700 | 1 | |a Motl, Martin | |